|
|
|
|
| LEADER |
00000cam a2200000 7i4500 |
| 001 |
0000004005 |
| 005 |
20050627.0 |
| 040 |
|
|
|a INS
|
| 090 |
0 |
0 |
|a KD5534.
|b R425 1977
|
| 245 |
0 |
0 |
|a Report on first conference of heads of commonwealth valuation departments 19...
|c Kementerian Kewangan
|
| 260 |
|
|
|a Kuala Lumpur :
|b Kementerian Kewangan ,
|c 19...
|
| 500 |
|
|
|a Annualy
|
| 500 |
|
|
|a Description based on volume 1977
|
| 650 |
0 |
0 |
|a Valuation
|z commonwealth of Nations
|
| 710 |
1 |
|
|a Malaysia
|x Kementerian Kewangan
|
| 999 |
|
|
|a 0000001756
|b BOOK
|c Open Shelf
|e Default branch
|
| 999 |
|
|
|a 0000001757
|b BOOK
|c Open Shelf
|e Default branch
|
| 999 |
|
|
|a 0000001758
|b BOOK
|c Open Shelf
|e Default branch
|
| 999 |
|
|
|a 0000001759
|b BOOK
|c Open Shelf
|e Default branch
|
| 999 |
|
|
|a 0000001760
|b BOOK
|c Open Shelf
|e Default branch
|
| 999 |
|
|
|a 0000001761
|b BOOK
|c Open Shelf
|e Default branch
|
| 999 |
|
|
|a 0000001762
|b BOOK
|c Open Shelf
|e Default branch
|
| 999 |
|
|
|a 0000001763
|b BOOK
|c Open Shelf
|e Default branch
|
| 999 |
|
|
|a 0000001764
|b BOOK
|c Open Shelf
|e Default branch
|
| 999 |
|
|
|a 0000001765
|b BOOK
|c Open Shelf
|e Default branch
|